Porque quiero, porque puedo y porque me da la gana! / (Registro nro. 17427)

Detalles MARC
000 -LEADER
fixed length control field 00737nam a2200241 a 4500
005 - DATE AND TIME OF LATEST TRANSACTION
control field 20250331183920.0
007 - PHYSICAL DESCRIPTION FIXED FIELD--GENERAL INFORMATION
fixed length control field ta
008 - FIXED-LENGTH DATA ELEMENTS--GENERAL INFORMATION
fixed length control field 110912s2009 nyua frb 001 0 spa d
020 ## - INTERNATIONAL STANDARD BOOK NUMBER
International Standard Book Number 9780061727818
040 ## - CATALOGING SOURCE
Original cataloging agency CO-CtgCURN
Language of cataloging spa
Transcribing agency coctgcurn
082 04 - DEWEY DECIMAL CLASSIFICATION NUMBER
Classification number 177
Item number C712
100 1# - MAIN ENTRY--PERSONAL NAME
Personal name Collins, María Antonieta.
245 10 - TITLE STATEMENT
Title Porque quiero, porque puedo y porque me da la gana! /
Statement of responsibility, etc. María Antonieta Collins.
260 ## - PUBLICATION, DISTRIBUTION, ETC.
Place of publication, distribution, etc. New York :
Name of publisher, distributor, etc. Harper Collins,
Date of publication, distribution, etc. 2009.
300 ## - PHYSICAL DESCRIPTION
Extent 311 p. :
Other physical details il.
590 ## - LOCAL NOTE (RLIN)
Local note Medicina
590 ## - LOCAL NOTE (RLIN)
Local note Enfermeria
590 ## - LOCAL NOTE (RLIN)
Local note Odontología
650 14 - SUBJECT ADDED ENTRY--TOPICAL TERM
Topical term or geographic name entry element Valores.
Source of heading or term LEMB
650 14 - SUBJECT ADDED ENTRY--TOPICAL TERM
Topical term or geographic name entry element Perdon
General subdivision Aspectos eticos.
942 ## - ADDED ENTRY ELEMENTS (KOHA)
Koha item type Libros
Classification part 177
Item part C712
Source of classification or shelving scheme Dewey Decimal Classification
Existencias
Withdrawn status Lost status Source of classification or shelving scheme Damaged status Not for loan Collection Home library Current library Shelving location Date acquired Source of acquisition Cost, normal purchase price Inventory number Total checkouts Full call number Barcode Date last seen Copy number Price effective from Koha item type Public note
    Dewey Decimal Classification     General Miguel Henríquez Castañeda Miguel Henríquez Castañeda General 09/21/2017 Donacion 13000.00 018925   177 C712 018925 09/21/2017 1 09/21/2017 Libros 170-ETICA